| 000 | 00636nam a22001815i 4500 | ||
|---|---|---|---|
| 001 | 154596 | ||
| 003 | ES-MaACL | ||
| 005 | 20230906205806.0 | ||
| 008 | 980708s1876 sp |||| | spa d | ||
| 040 |
_aCAT _bspa _cCAT _dCCPB |
||
| 080 | 4 | _a860-3"18" | |
| 100 | 1 |
_aGonzalez Pitt, Alfredo. _9127389 |
|
| 245 | 1 | 3 |
_aEl Espadin del guardia de corps _b: cuento de antaño / _cpor Alfredo Gonzalez Pitt. |
| 260 |
_aMadrid : _bDireccion de la España Literaria, _c1876. |
||
| 300 |
_a172 p. ; _c18 cm. |
||
| 752 |
_aEspaña - _dMadrid |
||
| 852 |
_aES-MaACL _jD-1858 _z-- Rúst., falto de la cub. ant. _z-- Legado de Modesto de la Fuente |
||
| 999 |
_c154596 _d154596 |
||